Focus (Record no. 83931)

MARC details
000 -LEADER
fixed length control field 00744cab a22002175a 4500
001 - CONTROL NUMBER
control field L155927
008 - FIXED-LENGTH DATA ELEMENTS--GENERAL INFORMATION
fixed length control field 120423e20120331xxk 000 0 eng d
035 ## - SYSTEM CONTROL NUMBER
System control number (Sirsi) u155927
041 0# - LANGUAGE CODE
Language code of text/sound track or separate title eng
100 1# - MAIN ENTRY--PERSONAL NAME
Personal name Cunningham, Daniel
245 00 - TITLE STATEMENT
Title Focus
Remainder of title Manchester
260 ## - PUBLICATION, DISTRIBUTION, ETC.
Date of publication, distribution, etc. 2012
490 ## - SERIES STATEMENT
Series statement Estates Gazette
Volume/sequential designation (1213) 31 March 2012, 57-81(18)
520 ## - SUMMARY, ETC.
Summary, etc. Includes information on the office market which plunged in 2011 after a strong 2010, Manchester's satellite towns such as Rochdale, Bury and Stockport, the development of science parks and the change of ownerships at Trafford Park.
590 ## - LOCAL NOTE (RLIN)
Local note KA
700 1# - ADDED ENTRY--PERSONAL NAME
Personal name Hamilton, Helen
700 1# - ADDED ENTRY--PERSONAL NAME
Personal name Quinn, David
700 1# - ADDED ENTRY--PERSONAL NAME
Personal name Ainsclough, Will
700 1# - ADDED ENTRY--PERSONAL NAME
Personal name Thame, David
942 ## - ADDED ENTRY ELEMENTS (KOHA)
Suppress in OPAC 0
Holdings
Withdrawn status Lost status Source of classification or shelving scheme Damaged status Not for loan Home library Current library Shelving location Date acquired Total Checkouts Full call number Barcode Date last seen Copy number Price effective from Koha item type
    Dewey Decimal Classification     London London Journal article 23/04/2012   L155927 155927-1001 06/08/2019 1 06/08/2019 Journal article